| 000 -ლიდერი |
| ფიქსირებული სიგრძის საკონტროლო ველი |
01635nam a2200289Ia 4500 |
| 001 - საკონტროლო ნომერი |
| საკონტროლო ველი |
4489 |
| 003 - საკონტროლო ნომრის იდენტიფიკატორი |
| საკონტროლო ველი |
GE_BSU |
| 005 - ბოლო ოპერაციის თარიღი და დრო |
| საკონტროლო ველი |
20191018150723.0 |
| 008 - ფიქსირებული სიგრძის მონაცემთა ელემენტები - ზოგადი ინფორმაცია |
| ფიქსირებული სიგრძის საკონტროლო ველი |
181216s2011||||ge |||||||||||||| ||geo|| |
| 020 ## - წიგნის საერთაშორისო სტანდარტული ნომერი |
| International Standard Book Number |
9789941031199 |
| 040 ## - კატალოგიზაციის წყარო |
| Transcribing agency |
GE_BSU |
| 041 ## - ენის კოდი |
| Language code of text/sound track or separate title |
geo |
| 080 ## - უნივერსალური ათობითი კლასიფიკაციის ინდექსი |
| Universal Decimal Classification number |
27 მ–85 |
| 245 ## - ცნობა სათაურის შესახებ |
| Title |
მორწმუნე ადამიანები : |
| Remainder of title |
სამართლიანი ადამიანები / |
| Statement of responsibility, etc |
მთ. რედ. დანუტ მანასტირეანუ, თეოლ. რედ.: კორნელ კადარი [და სხვ.], ლიტ. რედ. ოვიდიუ ბისოგი, ქართ. ვერსიის რედ. ნანა დანელია ; ილ. ქრისტი ბანდი |
| 264 ## - წარმოების, გამოცემის, დისტრიბუციის და სხვა ცნობები |
| გამოცემის, წარმოების, დისტრიბუციის... ადგილი |
თბილისი : |
| გამოცემის, წარმოების, დისტრიბუციის... სახელწოდება |
გრიფონი, |
| გამოცემის, წარმოების, დისტრიბუციის... თარიღი |
2011. |
| 300 ## - ფიზიკური აღწერა |
| Extent |
84 გვ. : |
| Other physical details |
სურ. ; |
| Dimensions |
20 სმ. |
| 653 ## - INDEX TERM--UNCONTROLLED |
| Uncontrolled term |
წმინდანთა ცხოვრება; |
| 653 ## - INDEX TERM--UNCONTROLLED |
| Uncontrolled term |
მისიონერობა; |
| 653 ## - INDEX TERM--UNCONTROLLED |
| Uncontrolled term |
ქრისტიანობა; |
| 700 ## - ADDED ENTRY--PERSONAL NAME |
| Personal name |
ბლაჯი, მარსელინ |
| Relator term |
ავტორი |
| 9 (RLIN) |
4835 |
| 700 ## - ADDED ENTRY--PERSONAL NAME |
| Personal name |
ბულაი, მარისელ |
| Relator term |
ავტორი |
| 9 (RLIN) |
4836 |
| 700 ## - ADDED ENTRY--PERSONAL NAME |
| Personal name |
პატრიკი, ადინა |
| Relator term |
ავტორი |
| 9 (RLIN) |
4837 |
| 700 ## - ADDED ENTRY--PERSONAL NAME |
| Personal name |
სტუპკანუ, ნარსის და სხვ. |
| Relator term |
ავტორი |
| 9 (RLIN) |
4838 |
| 700 ## - ADDED ENTRY--PERSONAL NAME |
| Personal name |
მანასტირეანუ, დანუტ |
| Relator term |
რედაქტორი |
| 9 (RLIN) |
4839 |
| 700 ## - ADDED ENTRY--PERSONAL NAME |
| Personal name |
კადარი, კორნელ |
| Relator term |
რედაქტორი |
| 9 (RLIN) |
4840 |
| 942 ## - ADDED ENTRY ELEMENTS (KOHA) |
| Koha item type |
წიგნი |
| Source of classification or shelving scheme |
|